=LDR 00000nam 2200000 4500 =001 INLIS000000000003966 =005 20250617081540 =035 ##$$a 0010-0625000171 =007 ta =008 250617################f##########0#ind## =082 ##$$a 304.660 76 =084 ##$$a 304.660 76 BAD r =245 1#$$a Rapat Penelaahan dan Penyusunan Rancangan Kegiatan Gerakan Keluarga Berencana Nasional Tahun 1999-2000 : $b Rumusan Hasil /$c BADAN KOORDINASI KELUARGA BERENCANA NASIONAL =260 ##$$a Jakarta :$b Badan Koordinasi Keluarga Berencana Nasional,$c 1999 =300 ##$$a 88 hlm. =650 #4$$a Keluarga Berencana =110 2#$$a BADAN KOORDINASI KELUARGA BERENCANA NASIONAL =856 ##$$a Perpustakaan Kemendukbangga